|
|
|
|
| LEADER |
00000naa2a2200000 4500 |
| 001 |
192347 |
| 005 |
20260114143302.0 |
| 035 |
|
|
|a (RuTPU)RU\TPU\book\209742
|
| 090 |
|
|
|a 192347
|
| 100 |
|
|
|a 20110224d2010 k y0rusy50 ca
|
| 101 |
0 |
|
|a rus
|
| 102 |
|
|
|a RU
|
| 200 |
1 |
|
|a Современные методы профилактики отложения солей
|f А. И. Бабанов
|g науч. рук. В. Н. Арбузов
|
| 320 |
|
|
|a Библиогр.: 2 назв.
|
| 461 |
|
1 |
|0 (RuTPU)RU\TPU\book\205901
|y 978-5-98298-729-7
|t Проблемы геологии и освоения недр
|o труды XIV Международного симпозиума имени академика М. А. Усова студентов и молодых ученых, посвященного 65-летию Победы советского народа над фашистской Германией в Великой Отечественной войне 1941-1945 гг., 5-9 апреля 2010 г. г. Томск
|o в 2 т.
|f Томский политехнический университет (ТПУ), Институт геологии и нефтегазового дела (ИГНД) ; под ред. В. А. Домаренко
|d 2010
|
| 463 |
|
1 |
|0 (RuTPU)RU\TPU\book\205109
|y 978-5-98298-731-0
|t Т. 2
|v С. 44-46
|d 2010
|
| 610 |
1 |
|
|a отложения
|
| 610 |
1 |
|
|a соли
|
| 610 |
1 |
|
|a профилактика
|
| 610 |
1 |
|
|a солевые отложения
|
| 610 |
1 |
|
|a гидроразрыв пласта
|
| 610 |
1 |
|
|a проппанты
|
| 610 |
1 |
|
|a керамические проппанты
|
| 610 |
1 |
|
|a ингибиторы
|
| 610 |
1 |
|
|a скважины
|
| 610 |
1 |
|
|a труды учёных ТПУ
|
| 700 |
|
1 |
|a Бабанов
|b А. И.
|
| 702 |
|
1 |
|a Арбузов
|b В. Н.
|4 727
|
| 801 |
|
1 |
|a RU
|b 63413507
|c 20110224
|
| 801 |
|
2 |
|a RU
|b 63413507
|c 20140123
|g RCR
|
| 942 |
|
|
|c BK
|